Obálka Náhled e-knihy:
PDF Epub
Pro půjčování e-knih musíte být přihlášeni.
Jak si půjčit online?

Šieste dieťa /

Keď do budovy chicagskej polície vstúpi Anson Bishop, hlavný podozrivý v prípade Opičieho vraha, nastane chaos. A to ešte nikto netuší, že Bishop sa chystá podať svedectvo, ktoré nielenže postaví na hlavu celé doterajšie vyšetrovanie, ale aj zmení život všetkých, ktorí sa na ňom podieľajú. Zbesilé t...

Celý popis

Uloženo v:
Série:Opičí vrah (SK), část 3
Hlavní autor: Barker, J.D. (Autor)
Médium: E-kniha
Jazyk:Czech
Vydáno: Praha : Albatros Media Slovakia s.r.o., 2025
Příbuzné jednotky:Z cyklu:: Opičí vrah (SK)
Tagy:
Žádné tagy
LEADER 01573nam a22002417i 4500
001 302679
007 ta
008 260514s2025 xr ||||| |||| 00| 0 cze d
020 |a 9788056646588 
044 |a xr 
100 1 |a  Barker, J.D.  |4 aut 
245 1 0 |a Šieste dieťa /  |c  Barker, J.D. 
240 1 0 |a The Sixth Wicked Child 
264 1 |a Praha :  |b Albatros Media Slovakia s.r.o.,  |c 2025 
300 |a 1 online zdroj (536 stran) 
336 |a text  |b txt  |2 rdacontent 
337 |a bez média  |b n  |2 rdamedia 
338 |a online zdroj  |b cr  |2 rdacarrier 
520 2 |a Keď do budovy chicagskej polície vstúpi Anson Bishop, hlavný podozrivý v prípade Opičieho vraha, nastane chaos. A to ešte nikto netuší, že Bishop sa chystá podať svedectvo, ktoré nielenže postaví na hlavu celé doterajšie vyšetrovanie, ale aj zmení život všetkých, ktorí sa na ňom podieľajú. Zbesilé tempo rozprávania odhaľuje pravdu o netušenom motíve Opičieho vraha a celá trilógia tak speje k záveru, ktorý možno bez zveličenia označiť za absolútne nečakaný a šokujúci. 
787 0 8 |g 3  |i Z cyklu:  |t Opičí vrah (SK) 
910 |a RBIT002 
998 |d 426933  |a https://core.palmknihy.cz/api/books/426933/cover?tesghs  |b https://core.palmknihy.cz/api/books/426933/cover/400?tesghs  |c https://core.palmknihy.cz/api/books/426933/cover/50?tesghs  |e 2029-06-10  |g 536  |i 9788056646588  |j https://core.palmknihy.cz/api/books/426933/preview.epub  |k https://core.palmknihy.cz/api/books/426933/preview.pdf  |l   |q 49  |r 1  |s https://www.palmknihy.cz/kniha/426933  |t ebook  |y 2025  |z 1  |v Opičí vrah (SK)  |w 3 
999 |d 302677